Statistics for North American Countries by Population

Click here to take the quiz!

General Stats

  • This quiz has been taken 146 times
    (98 since last reset)
  • The average score is 21 of 23

Answer Stats

PopulationAnswer% Correct
35,819,000North AmericaCanada
100%
121,006,000North AmericaMexico
100%
321,234,000North AmericaUSA
100%
11,252,000CaribbeanCuba
96%
16,176,000Central AmericaGuatemala
95%
9,980,000CaribbeanDominican Republic
94%
6,460,000Central AmericaEl Salvador
92%
10,994,000CaribbeanHaiti
92%
8,950,000Central AmericaHonduras
92%
2,729,000CaribbeanJamaica
92%
6,514,000Central AmericaNicaragua
92%
3,764,000Central AmericaPanama
92%
369,000Central AmericaBelize
91%
4,851,000Central AmericaCosta Rica
91%
379,000CaribbeanBahamas
89%
110,000CaribbeanSt Vincent and the Grenadines
89%
1,357,000CaribbeanTrinidad And Tobago
89%
172,000CaribbeanSt Lucia
87%
283,000CaribbeanBarbados
86%
104,000CaribbeanGrenada
86%
46,000CaribbeanSt Kitts and Nevis
86%
89,000CaribbeanAntigua and Barbuda
82%
71,000CaribbeanDominica
80%

Score Distribution

Percentile by Number Answered

Percent of People with Each Score

Your Score History

You have not taken this quiz since the last reset